| 000 | 00740cam a22002537a 4500 | ||
|---|---|---|---|
| 001 | 12710373 | ||
| 005 | 20180129051912.0 | ||
| 008 | 020319s2001 xx a b 001 0 eng d | ||
| 010 | _a 2002277252 | ||
| 020 | _a0787276146 | ||
| 035 | _a(OCoLC)ocm48387596 | ||
| 040 |
_aMOR _cMOR _dDLC |
||
| 041 | _aeng | ||
| 042 | _alccopycat | ||
| 080 | _a372.4 JER | ||
| 082 | 0 | 0 |
_a372.4 JER _221 |
| 100 | 1 | _a46 | |
| 101 | _aEDU | ||
| 245 | 1 | 0 |
_aImproving reading : _cJerry L. Johns, Susan Davis Lenski. |
| 504 | _aIncludes bibliographical references (p. 619-625) and index. | ||
| 906 |
_a7 _bcbc _ccopycat _d3 _encip _f20 _gy-gencatlg |
||
| 942 |
_2ddc _cBK |
||
| 999 |
_c41144 _d41144 |
||